Welcome to the Holygrace Academy Library

Please use search bar below to get started

OXFORD DICTIONARY & THESAURUS (Record no. 2015)

MARC details
000 -LEADER
fixed length control field 00315nam a22001337a 4500
020 ## - INTERNATIONAL STANDARD BOOK NUMBER
ISBN 978-019-567698-3
082 ## - DEWEY DECIMAL CLASSIFICATION NUMBER
Classification number 030
Item number KLI/O
100 ## - MAIN ENTRY--AUTHOR NAME
Personal name ELLIOT, JULIA
245 ## - TITLE STATEMENT
Title OXFORD DICTIONARY & THESAURUS
260 ## - PUBLICATION, DISTRIBUTION, ETC. (IMPRINT)
Place of publication DELHI
Name of publisher OXFORD UNIVERSITY PRESS
Year of publication 2001
300 ## - PHYSICAL DESCRIPTION
Number of Pages 932
650 ## - SUBJECT ADDED ENTRY--TOPICAL TERM
Topical Term DICTIONARY
Geographic subdivision INDIA
942 ## - ADDED ENTRY ELEMENTS (KOHA)
Koha item type Books
Holdings
Withdrawn status Lost status Collection code Home library Current library Shelving location Date acquired Source of acquisition Full call number Accession Number Koha item type
    Reference Main Library Main Library SHELF 1 F -DICTIONARY,THEASAURUS 11/05/2016 purchase 030 KLI/O 04265 Books